| 000 | 00367 a2200121 4500 | ||
|---|---|---|---|
| 001 | ART_6969 | ||
| 005 | 20260410161659.0 | ||
| 008 | 260409a | ||
| 245 | 1 | 0 | _aAutofinanciamiento empresario y crecimiento económico |
| 100 | 1 | _aGaregnani, Lorena | |
| 700 | 1 | _aBebczuk, Ricardo | |
| 773 | 0 |
_tEnsayos Económicos _g- Nº 47 (abr./jun. 2007) _wREV620 |
|
| 999 |
_c15024 _d15024 |
||